000
00262nam a2200097Ia 4500
001
800793
005
20250826171025.0
008
250824s9999 xx 000 0 und d
245
0
_a
Yeryüzü Bize MESCİT Kılındı
_c
İsmail DEMİRBAŞ
260
_b
Kayalıpark Genç
999
_c
800793
_d
800793